000 00620nam a2200181Ia 4500
008 100921s9999 xx 000 0 und d
082 _b27833
_a891.463 थ 95
100 _aरांगणेकर कुमुदिनी.
245 _aमनपसंत.
260 _bराजेंद्र प्रकाशन, ठाणे.
_c1995
300 _a166
_bरसिक साहित्य,पुणे
365 _b80
520 _aललित-कादंबरी.
630 _aमनपसंत.
650 _aललित-कादंबरी.
730 _aमनपसंत.
942 _cBOOK
999 _c776946
_d776943